| 000 | 01150nam a2200241Ia 4500 | ||
|---|---|---|---|
| 003 | Ost | ||
| 005 | 20260507075152.0 | ||
| 008 | 260507s9999||||xx |||||||||||||| ||und|| | ||
| 020 | _a19352499539 | ||
| 040 | _cfsecg | ||
| 041 | _aara | ||
| 082 | _a330 | ||
| 100 |
_aناشد، سوزي عدلي _eمؤلف |
||
| 245 | 0 |
_aالتحليل الإقتصادي لقانون الضرائب على العقارات المبينة رقم 196 لسنة 2008 / _c سوزي عدلي ناشد |
|
| 260 |
_aبيروت: _bمنشروات الحلبي الحقوقية, _c2009 |
||
| 300 |
_a136 صفحة؛ _c24 سم |
||
| 520 | _aدراسة لقانون الضرائب على العقارات المبنية الجديدة لزيادة الحصيلة الضريبية و مراعاة احكام العدالة الضريبية و التسهيل على صغار المكلفين ،لتنمية موارد الدولة المختلفة لمواجهة الزيادة في حجم النفقات | ||
| 653 | _aالتحليل الاقتصادي | ||
| 653 | _aالضريبة | ||
| 653 | _aالعقار | ||
| 653 | _aقانون الضرائب | ||
| 942 | _cكتاب | ||
| 999 |
_c43348 _d43348 |
||